000 00290nam a2200121Ia 4500
008 210430s9999 xx 000 0 und d
082 _a621.84 Z35V
100 _aZappe.R.W
_954964
245 _aValve Selection Handbook
_cZappe.R.W
260 _c1991
300 _a345p.
942 _cBK
_2ddc
999 _c565892
_d565892